Statistics for Capitals of Countries

Click here to take the quiz!

General Stats

  • This quiz has been taken 19 times
  • The average score is 9 of 10

Answer Stats

QuestionAnswer% Correct
What is the capital of China?Beijing
100%
What is the capital of Germany?Berlin
100%
What is the capital of Australia?Canberra
100%
What is the capital of Russia?Moscow
100%
What is the capital of India?New Delhi
100%
What is the capital of the United States?Washington, D.C.
100%
What is the capital of Indonesia?Jakarta
92%
What is the capital of Nigeria?Abuja
85%
What is the capital of Brazil?Brasília
85%
What are the capitals of South Africa?Bloemfontein, Cape Town, Pretoria
77%

Score Distribution

Percentile by Number Answered

Percent of People with Each Score

Your Score History

You have not taken this quiz